Информатика для экономистов: учебник

Bibliografiske detaljer
Andre forfattere: Матюшок В. М. (редактор)
Summary:Учебник раскрывает основные понятия теории информации, роль информационных технологий в становлении и развитии информационного общества, базовые виды аппаратного и программного обеспечения ПК и ком­пьютерных сетей (пакет прикладных программ Microsoft Office 2013, MySQL и др.). Особое внимание уделено совместному использованию приложений MS Office для решения экономических и финансовых задач, созданию пре­зентаций, овладению навыками работы в Интернете и ведению электронного бизнеса, офисному программированию и программированию для Интернета (HTML, PHP, JavaScript), регистрации и продвижению сайтов. Раскрываются важнейшие источники экономической информации в Интернете, представ­лены поисковые системы, информационные и учебные порталы, даются основные понятия искусственного интеллекта, архитектуры экспертных систем и моделей представления знаний, описаны конкретные корпоратив­ные информационные системы (ERP-, CRM-системы) и возможности их использования для повышения конкурентоспособности предприятия.Предназначен для студентов и преподавателей экономических вузов и практических работников.
Sprog:russisk
Udgivet: Москва, Инфра-М, 2015
Udgivelse:2-е изд., перераб. и доп.
Serier:Высшее образование. Бакалавриат
Fag:
Format: MixedMaterials Bog
KOHA link:https://koha.lib.tpu.ru/cgi-bin/koha/opac-detail.pl?biblionumber=282659

MARC

LEADER 00000nam0a2200000 4500
001 282659
005 20231031233133.0
010 |a 9785160091525 
035 |a (RuTPU)RU\TPU\book\306603 
090 |a 282659 
100 |a 20150202d2015 m y0rusy50 ca 
101 0 |a rus 
102 |a RU 
105 |a a j 001zy 
200 1 |a Информатика для экономистов  |e учебник  |f под ред. В. М. Матюшка 
205 |a 2-е изд., перераб. и доп. 
210 |a Москва  |c Инфра-М  |d 2015 
215 |a 460 с.  |c ил. 
225 1 |a Высшее образование. Бакалавриат 
320 |a Библиография в конце глав. 
330 |a Учебник раскрывает основные понятия теории информации, роль информационных технологий в становлении и развитии информационного общества, базовые виды аппаратного и программного обеспечения ПК и ком­пьютерных сетей (пакет прикладных программ Microsoft Office 2013, MySQL и др.). Особое внимание уделено совместному использованию приложений MS Office для решения экономических и финансовых задач, созданию пре­зентаций, овладению навыками работы в Интернете и ведению электронного бизнеса, офисному программированию и программированию для Интернета (HTML, PHP, JavaScript), регистрации и продвижению сайтов. Раскрываются важнейшие источники экономической информации в Интернете, представ­лены поисковые системы, информационные и учебные порталы, даются основные понятия искусственного интеллекта, архитектуры экспертных систем и моделей представления знаний, описаны конкретные корпоратив­ные информационные системы (ERP-, CRM-системы) и возможности их использования для повышения конкурентоспособности предприятия.Предназначен для студентов и преподавателей экономических вузов и практических работников. 
606 1 |a Информатика  |2 stltpush  |3 (RuTPU)RU\TPU\subj\36202 
610 1 |a информация 
610 1 |a информационное общество 
610 1 |a информационные технологии 
610 1 |a персональные компьютеры 
610 1 |a компьютерные сети 
610 1 |a программное обеспечение 
610 1 |a структура 
610 1 |a операционные системы 
610 1 |a текстовые процессоры 
610 1 |a документы 
610 1 |a форматирование 
610 1 |a MS Word 
610 1 |a MS Excel 
610 1 |a текстовые редакторы 
610 1 |a графические возможности 
610 1 |a Интернет 
610 1 |a таблицы 
610 1 |a математические функции 
610 1 |a статистические функции 
610 1 |a логические функции 
610 1 |a финансовые функции 
610 1 |a базы данных 
610 1 |a данные 
610 1 |a MS Access 
610 1 |a отчеты 
610 1 |a публикация 
610 1 |a MS Office 
610 1 |a PowerPoint 
610 1 |a презентации 
610 1 |a электронная почта 
610 1 |a электронная коммерция 
610 1 |a дистанционное образование 
610 1 |a электронные магазины 
610 1 |a веб-сайты 
610 1 |a искусственный интеллект 
610 1 |a знания 
610 1 |a дисперсные системы 
610 1 |a предприятия 
610 1 |a информационные ресурсы 
610 1 |a информационная безопасность 
610 1 |a информационные правовые системы 
610 1 |a КонсультантПлюс 
610 1 |a Гарант 
610 1 |a учебники 
675 |a 004(075.8)  |v 4 
702 1 |a Матюшок  |b В. М.  |4 340 
801 1 |a RU  |b 63413507  |c 20150202 
801 2 |a RU  |b 63413507  |c 20220210  |g RCR 
942 |c BK 
959 |a 10/20150202  |d 2  |e 599,90  |f ЧЗТЛ:1  |f АНЛ:1